000 00548nam a2200229 a 4500
001 nice12345678
003 IN_TiNIC
005 20260116015401.0
008 120402s2008 dina grp 000 0 eng
020 _a9788189882822
_c30
082 0 0 _a266
_bJER4
100 _aJerry,
245 _aGaining Momentum....!
260 _aDindigul, India
_bVaigarai Pubs. House
_c2008
300 _a120p
500 _aincludes index and biblioraphy
650 _aMissions
700 1 _aJerry,
902 _bSRS
942 _cBK
999 _c19477
_d19477